Las visitas y excursiones escolares como estrategias didácticas

Saved in:
Bibliografiske detaljer
Hovedforfatter: Mendoza Núñez, Alejandro (autor)
Format: Bog
Sprog:spansk
Udgivet: Cuernavaca Trillas 1997
Udgivelse:2a. ed
Fag:
Tags: Tilføj Tag
Ingen Tags, Vær først til at tagge denne postø!

MARC

LEADER 00000cam a2200000 a 4500
001 UCC4824
003 CL-VaPUC
008 180831e19970000mx |||||||||||||||||spa|d
020 |a 9682455987 
082 0 4 |a 388.322  |b MEN  |2 21 
100 |a Mendoza Núñez, Alejandro  |e autor  |9 599017 
245 1 4 |a Las visitas y excursiones escolares como estrategias didácticas 
250 |a 2a. ed 
300 |a 99 p 
942 |c BK 
945 |d 20180831 12:04:00  |a dcastane 
260 |a Cuernavaca  |b Trillas  |c 1997 
650 7 |a EXCURSIONES ESCOLARES  |2 CL-VaPUC  |9 260809 
650 0 |a Viajes de estudio  |9 260810 
583 |a last modification  |c 20180831 12:04:00  |k Rodrigo Vera 
999 |c 372210  |d 372208